Основи економічної теорії (Запис № 359731)

МАРК-запис
000 -Лідер
fixed length control field 01243nam a22002537a 4500
001 - Контрольний номер
control field 73444
003 - Ідентифікатор контрольного номера
control field UA-OsUOA
005 - Дата та час останнього входження (трансакції)
control field 20230504161315.0
007 - Фіксоване поле фізичного опису
fixed length control field ta
008 - Елементи даних фіксованої довжини – загальна інформація
fixed length control field 20110301b un ||||| |||| 00| 0 ukr d
020 ## - Міжнародний стандартний книжковий номер (ISBN)
Міжнародний стандартний книжковий номер (ISBN) (НП) 978-966-373-287-9
040 ## - Джерело каталогізації
Агенція оригінальної каталогізації UA-OsUOA
Мова каталогізації ukr
Агенція, яка здійснювала перезапис UA-OsUOA
Агенція, яка здійснювала модифікацію UA-OsUOA
041 ## - Код мови
Код мови тексту/ звукової доріжки чи окремого заголовка (П) ukr
080 ## - Індекс Універсальної десяткової класифікації
Індекс Універсальної десяткової класифікації (УДК) (НП) 330.1(075.8)
090 ## - Локальний шифр розміщення
Класифікаційний індекс УДК 330.1(075.8)
Авторський знак (НП) О-75
245 ## - Відомості про назву
Назва (НП) Основи економічної теорії
Решта назви (НП) навч. посіб.
Дані про відповідальність (НП) за ред. Зюнькіна А. Г.
260 ## - Публікація, розповсюдження і т.п. (Вихідні дані)
Місце публікації, розповсюдження і т.п. (П) К.
Ім’я/ наймення видавництва, розповсюджувача і т.п. (П) КНТ
Дата публікації, розповсюдження і т.п. (П) 2007
300 ## - Фізичний опис
Обсяг 232 с.
520 ## - Резюме і т.п.
Резюме, реферат, анотація, тощо (НП) У посібнику, відповідно до програми курсу для студентів, курсантів та слухачів КНУВС, розглянуто зміст дисципліни економічної теорії у поняттях, категоріях, схемах та діаграмах з урахуванням новітніх наукових досягнень, використовуючи сучасне економічне законодавство.
650 #7 - Додаткове предметне введення – тематичний термін
Тематичний термін чи географічна назва, як елемент введення (НП) 330 Економіка взагалі
Джерело заголовка чи терміна UDC
942 ## - Додаткові елементи входу (Коха)
Тип елемента Koha Книги
Source of classification or shelving scheme Universal Decimal Classification
955 ## - Код типу видання за змістом
Код типу видання за змістом (НП) Навчальні видання
Фонди
Стан вилучень Стан втрат Джерело класифікації або схеми стелажів Стан уражень Не для кредиту Постійне місце розташування Поточне розміщення Дата придбання Джерело придбання Вартість, звичайна ціна покупки Інвентарний номер Усього замовленно Повний номер виклику Штрих-код Дата останнього перегляду Дата останньої перевірки Ціна ефективна від Тип елемента Koha
    Universal Decimal Classification     ЧЗ - Читальна зала ЧЗ - Читальна зала 01/03/2011 24/2011 47.00 131109 1 330.1(075.8) О-75 131109 26/11/2021 27/09/2021 01/03/2011 Книги
    Universal Decimal Classification     ЧЗ - Читальна зала ЧЗ - Читальна зала 01/03/2011 24/2011 47.00 131110   330.1(075.8) О-75 131110 07/02/2022   01/03/2011 Книги